Atatürk ve liderlik / (Record no. 15273)

MARC details
000 -BAŞLIK
Sabit Uzunlukta Kontrol Alanı 00895nam a22002777a 4500
999 ## - SİSTEM KONTROL NUMARALARI (KOHA)
Koha Biblionumber 15273
Koha Biblioitemnumber 15273
003 - KONTROL NUMARASI IDENTIFIER
Denetim Alanı MIRAKIL
005 - SON İŞLEM TARİHİ VE ZAMANI
Denetim Alanı 20240206104627.0
008 - SABİT-BOY VERİ ELEMANLARI - GENEL BİLGİLER
Sabit Uzunlukta Kontrol Alanı 240206b tu ||||| |||| 00| 0 tur d
020 ## - ULUSLARARASI STANDART KİTAP NUMARASI
Uluslararası Standart Kitap Numarası 9786056339448
040 ## - KATALOGLAMA KAYNAK
Orijinal Kataloglama Ajansı TR-AnCHP
Metne Dönüştürmek Ajansı TR-AnCHP
041 ## - DİL KODU
Metin / Ses Parça Veya Ayrı Başlığın Dil Kodu Türkçe
082 ## - DEWEY ONLU SINIFLANDIRMA NUMARASI
Sınıflandırma Numarası 956.1024092
Ürün Numarası Y25A 2015
090 ## - SINIFLAMA NUMARASI
Sınıflama Numarası 956.1024092 Y25A 2015
100 ## - ANA GİRİŞ - KİŞİSEL İSİM
Kişisel Ad Yamak, Harika
245 10 - BAŞLIK TABLOSU
Başlık Atatürk ve liderlik /
Sorumluluk Tablosu, Vb Harika Yamak
260 ## - YAYIN, DAĞITIM, VB
Yayın, Dağıtım, Vb Yeri İstanbul
Yayıncı, Dağıtıcı, Vs Adı Yılmaz Basım
Yayın, Dağıtım, Vb Tarihi 2015
300 ## - FİZİKSEL TANIM
Kapsam 230 s.
Boyutlar 20 cm.
600 14 - KONU KATMA GİRİŞ - KURUMSAL ADI
9 (RLIN) 1465
Kişisel Ad Atatürk, Gazi Mustafa Kemal
Bir Adıyla İlişkilendirilen Tarihler 1881-1938
650 #0 - KONU KATMA GİRİŞ - TOPİKAL DÖNEM
9 (RLIN) 5673
Topikal Süreli Veya Coğrafi Ad Giriş Elemanı Kemalizm
650 #0 - KONU KATMA GİRİŞ - TOPİKAL DÖNEM
9 (RLIN) 104
Topikal Süreli Veya Coğrafi Ad Giriş Elemanı Atatürk, M. Kemal
Genel Alt Bölümü Liderlik
650 #0 - KONU KATMA GİRİŞ - TOPİKAL DÖNEM
9 (RLIN) 5499
Topikal Süreli Veya Coğrafi Ad Giriş Elemanı Liderlik
650 #0 - KONU KATMA GİRİŞ - TOPİKAL DÖNEM
9 (RLIN) 108
Topikal Süreli Veya Coğrafi Ad Giriş Elemanı Atatürk, M. Kemal
Genel Alt Bölümü Siyaset ve yönetim
650 #0 - KONU KATMA GİRİŞ - TOPİKAL DÖNEM
9 (RLIN) 99
Topikal Süreli Veya Coğrafi Ad Giriş Elemanı Atatürk, M. Kemal
Genel Alt Bölümü İdeoloji
856 ## - ELEKTRONİK YER VE ERİŞİM
Kamu Notu Dijital Nüshası için Partimizin Kütüphane Sorumlusu ile iletişime geçiniz.
942 ## - EKLENDİ GİRİŞ ELEMANLARI (KOHA)
Sınıflandırma Veya Raf Düzeni Kaynak Dewey Decimal Classification
Koha Öğesi Türü Books
Holdings
Kalıcı Konum Mevcut Konum Edinme Tarihi Toplam Check-Out'Lar Tam Çağrı Numarası Barkod Tarih Son Görülme İtibaren Geçerli Fiyatlar Koha Öğesi Türü
CHP Kütüphanesi CHP Kütüphanesi 02/06/2024   ATA 956.1024092 Y25A 2015 20865 02/06/2024 02/06/2024 Books